BIBLIOTECA

SENCICO

Renzo Piano, building workshop : (Registro nro. 3839)

Detalles MARC
000 -LEADER
fixed length control field 00777nam a22002537a 4500
003 - CONTROL NUMBER IDENTIFIER
control field PE SENCICO BE
005 - DATE AND TIME OF LATEST TRANSACTION
control field 20251020182627.0
008 - FIXED-LENGTH DATA ELEMENTS--GENERAL INFORMATION
fixed length control field 230220b |||||||| |||| 00| 0 eng d
020 ## - INTERNATIONAL STANDARD BOOK NUMBER
International Standard Book Number 978-3-8365-6077-1
040 ## - CATALOGING SOURCE
Original cataloging agency PE SENCICO BE
Transcribing agency PE SENCICO BE
041 ## - LANGUAGE CODE
Language code of text/sound track or separate title spa
082 ## - DEWEY DECIMAL CLASSIFICATION NUMBER
Classification number 720.92
Item number J64
100 1# - MAIN ENTRY--PERSONAL NAME
9 (RLIN) 373
Personal name Jodidio, Philip
Relator term autor
245 1# - TITLE STATEMENT
Title Renzo Piano, building workshop :
Remainder of title la poesía del vuelo /
Statement of responsibility, etc. Philip Jodidio
250 ## - EDITION STATEMENT
Edition statement [1a ed.]
260 ## - PUBLICATION, DISTRIBUTION, ETC.
Place of publication, distribution, etc. Koln :
Name of publisher, distributor, etc. Taschen,
Date of publication, distribution, etc. 2016
300 ## - PHYSICAL DESCRIPTION
Extent 96 p. :
Other physical details il. col., fotog.,
Dimensions 26 cm.
504 ## - BIBLIOGRAPHY, ETC. NOTE
Bibliography, etc. note Bibliografía: p. 96.
600 10 - SUBJECT ADDED ENTRY--PERSONAL NAME
9 (RLIN) 649
Personal name Piano, Renzo
650 14 - SUBJECT ADDED ENTRY--TOPICAL TERM
9 (RLIN) 282
Topical term or geographic name entry element Arquitectos
650 24 - SUBJECT ADDED ENTRY--TOPICAL TERM
9 (RLIN) 191
Topical term or geographic name entry element Arquitectura moderna
910 ## - USER-OPTION DATA (OCLC)
-- hfp
-- hfp
942 ## - ADDED ENTRY ELEMENTS (KOHA)
Source of classification or shelving scheme Dewey Decimal Classification
Koha item type Libros
Classification part 720.92
Item part J64
Existencias
Fecha de la última vez que lo usaron Número de ingreso o de inventario Pago total Signatura topográfica completa Precio efectivo desde Tipo de documento Estado perdido Sistema de clasificación Estado dañado No es para préstamo Retirado Ubicación permanente Ubicación actual Fecha de adquisición
20/02/2023 16503   720.92/J64 20/02/2023 Libros   Dewey Decimal Classification       Biblioteca Central Lima Biblioteca Central Lima 20/02/2023